End Of The Dream Lyrics Quiz Stats

 Plays Quiz not verified by Sporcle

Challenge
Share
Tweet
Embed
Score 0/135 Timer 10:00
0 Plays Today
% Correct
And
100%
A
100%
The
100%
A
100%
And
100%
And
100%
The
100%
Of
100%
The
100%
The
100%
And
100%
A
100%
The
100%
Of
100%
The
100%
And
100%
The
100%
Of
100%
The
100%
Your
98.7%
On
98.7%
Your
98.7%
Your
98.7%
Dream
98.7%
On
98.7%
Your
98.7%
Dream
98.7%
Your
98.7%
Dream
98.7%
To
97.4%
End
97.4%
To
97.4%
To
97.4%
To
97.4%
End
97.4%
To
97.4%
End
97.4%
Found
96.1%
Found
96.1%
As
96.1%
As
96.1%
It
96.1%
It
96.1%
It
96.1%
As
96.1%
% Correct
It
96.1%
As
96.1%
It
96.1%
Wonder
94.8%
Much
94.8%
So
94.8%
Go
94.8%
I
93.5%
I
93.5%
This
93.5%
I
93.5%
I
93.5%
I
93.5%
If
93.5%
Hurts
93.5%
Wings
93.5%
Heart
93.5%
Run
93.5%
I
93.5%
I
93.5%
I
93.5%
Wings
93.5%
Heart
93.5%
Run
93.5%
Heart
93.5%
Remember
92.2%
Know
92.2%
Grave
92.2%
Eyes
92.2%
Follow
92.2%
Bleeds
92.2%
T'ward
92.2%
Remember
92.2%
Follow
92.2%
Bleeds
92.2%
T'ward
92.2%
Follow
92.2%
Bleeds
92.2%
Why
90.9%
Place
90.9%
Off
90.9%
Me
90.9%
Wonderful
90.9%
Feel
90.9%
We
90.9%
% Correct
Why
90.9%
We
90.9%
We
90.9%
Brushed
89.6%
Face
89.6%
Felt
89.6%
Bird
89.6%
Her
89.6%
One
89.6%
Last
89.6%
Time
89.6%
Til
89.6%
Til
89.6%
Til
89.6%
Closing
88.3%
She
88.3%
Like
88.3%
Light
87%
Ain't
87%
Break
85.7%
I'm
84.4%
I'm
84.4%
How
84.4%
How
84.4%
Dreamed
83.1%
Fire
83.1%
Not
81.8%
Pushed
81.8%
Breathe
81.8%
Through
80.5%
Pain
80.5%
Again
80.5%
Afraid
79.2%
Way
77.9%
Fly
75.3%
Find
75.3%
Without
75.3%
Even
74%
Will
72.7%
Must
70.1%
Understand
68.8%
We've
68.8%
Fall
66.2%
Apart
63.6%
Gone
57.1%

You're not logged in!

Compare scores with friends on all Sporcle quizzes.
Join for Free
OR
Log In

You Might Also Like...

Show Comments

Extras

Top Quizzes Today


Score Distribution

Your Account Isn't Verified!

In order to create a playlist on Sporcle, you need to verify the email address you used during registration. Go to your Sporcle Settings to finish the process.

Report this User

Report this user for behavior that violates our Community Guidelines.

Details: